Tropical Minefield Quiz Stats

 Plays Quiz Updated Apr 25, 2018

Challenge
Share
Tweet
Embed
Score 0/90 Timer 09:00
6 Plays Today
Continent Country % Correct
North America???
52.9%
North America???
46.9%
North America???
46.4%
South America???
44.4%
North America???
44.3%
South America???
44.2%
North America???
43.6%
North America???
43.2%
North America???
42.9%
South America???
42.9%
North America???
42.3%
North America???
42.1%
North America???
42%
North America???
41.7%
South America???
40.4%
South America???
40.1%
North America???
39.9%
North America???
39.3%
North America???
38.2%
North America???
36.6%
North America???
36.5%
South America???
36.3%
North America???
33.9%
North America???
33.7%
North America???
32%
South America???
28%
Africa???
24.2%
Asia???
22.7%
Africa???
22.4%
Africa???
22%
Continent Country % Correct
Africa???
21.7%
Africa???
20.9%
Africa???
20.8%
Africa???
20.8%
Africa???
20.7%
Asia???
20.4%
Africa???
20.4%
Africa???
20.2%
Africa???
20%
Africa???
20%
Asia???
19.8%
Africa???
19.3%
Africa???
19.2%
Africa???
18.9%
Oceania???
18.9%
Africa???
18.7%
Africa???
18.5%
Africa???
18.4%
Oceania???
18.2%
Africa???
18%
Africa???
17.1%
Asia???
17%
Africa???
16.9%
Oceania???
16.7%
Asia???
16.2%
Oceania???
16.2%
Oceania???
16.1%
Africa???
16%
Oceania???
15.8%
Asia???
15.8%
Continent Country % Correct
Oceania???
15.7%
Asia???
15.7%
Asia???
15.7%
Oceania???
15.6%
Oceania???
15.6%
Oceania???
15.6%
Africa???
15.5%
Oceania???
15.4%
Oceania???
15.4%
Africa???
15.2%
Africa???
15.1%
Africa???
15%
Asia???
14.9%
Asia???
14.7%
Asia???
14.5%
Africa???
14.5%
Asia???
14%
Africa???
14%
Africa???
13.7%
Africa???
13%
Africa???
12.3%
Africa???
12%
Africa???
11.8%
Africa???
9.8%
Africa???
9.7%
Africa???
9.2%
Asia???
8.6%
Africa???
8.4%
Africa???
7.8%
MINE:???
4.8%

You're not logged in!

Compare scores with friends on all Sporcle quizzes.
Join for Free
OR
Log In

You Might Also Like...

Show Comments

Extras

Top Quizzes Today


Score Distribution

Your Account Isn't Verified!

In order to create a playlist on Sporcle, you need to verify the email address you used during registration. Go to your Sporcle Settings to finish the process.

Report this User

Report this user for behavior that violates our Community Guidelines.

Details: